Литературно-педагогические Лихановские чтения, 6 октября 2005 года (Запись № 859566)

Подробности
000 -МАРКЕР
контрольное поле 02359nam0a2200373 4500
001 - ИДЕНТИФИКАТОР ЗАПИСИ
контрольное поле RU\NLR\bibl\1060566
005 - ИДЕНТИФИКАТОР ВЕРСИИ
контрольное поле 20250130125021.0
010 ## - МЕЖДУНАРОДНЫЙ СТАНДАРТНЫЙ НОМЕР КНИГИ (ISBN)
Номер (ISBN) 5-902711-72-X
Уточнения в обл.
Тираж 1000
021 ## - НОМЕР ГОСУДАРСТВЕННОЙ РЕГИСТРАЦИИ
Код страны Российская Федерация
Номер 2007-4389
Номер Листа государственной регистраци 222
035 ## - ДРУГИЕ СИСТЕМНЫЕ НОМЕРА
Идентификатор записи (NLR Aleph) 001047840
100 ## - ДАННЫЕ ОБЩЕЙ ОБРАБОТКИ
Данные общей обработки 20070316d2006 k y0rusy50 ca
101 0# - ЯЗЫК РЕСУРСА
Язык текста, звукозаписи и т.д. русский
102 ## - СТРАНА ПУБЛИКАЦИИ ИЛИ ПРОИЗВОДСТВА
Страна публикации Российская Федерация
105 ## - ПОЛЕ КОДИРОВАННЫХ ДАННЫХ: ТЕКСТОВЫЕ МАТЕРИАЛЫ, МОНОГРАФИЧЕСКИЕ
Кодированные данные о монографическом текстовом документе a |||||||||
200 1# - ЗАГЛАВИЕ И СВЕДЕНИЯ ОБ ОТВЕТСТВЕННОСТИ
Основное заглавие Литературно-педагогические Лихановские чтения, 6 октября 2005 года
Сведения, относящиеся к заглавию сборник материалов
-- [доклады и выступления участников Научно-практической конференции, проходившей в рамках V Лихановских чтений]
210 ## - ПУБЛИКАЦИЯ, РАСПРОСТРАНЕНИЕ И ДР.
Место издания, распространения и т.д. Белгород
Имя издателя, распространителя и т. д. Константа
Дата издания, распространения и т.д. 2006
215 ## - ФИЗИЧЕСКАЯ ХАРАКТЕРИСТИКА
Специфическое обозначение материала и объем 69 с., [6] л. цв. ил.
Размеры 20
300 ## - ОБЩИЕ ПРИМЕЧАНИЯ
Текст примечания В надзаг.: Администрация Белгор. обл., Упр. культуры Белгор. обл., Белгор. гос. ин-т культуры, Белгор. гос. ун-т [и др.]
320 ## - ПРИМЕЧАНИЯ О НАЛИЧИИ В ДОКУМЕНТЕ БИБЛИОГРАФИИ / УКАЗАТЕЛЯ
Текст примечания Библиогр.: с. 68-69 и в подстроч. примеч.
600 #1 - ИМЯ ЛИЦА КАК ПРЕДМЕТ
Начальный элемент ввода Лиханов
Часть имени, кроме начального элемента ввода А.А.
Даты 1935 - 2021
Расширение инициалов личного имени Альберт Анатольевич
Формальный подзаголовок Съезды, совещания и т.п.
Системный номер авторитетной/нормативной записи 955046
Идентификатор авторитетной/нормативной записи RU\NLR\auth\66355765
606 1# - НАИМЕНОВАНИЕ ТЕМЫ КАК ПРЕДМЕТ
Наименование темы Детские библиотеки
Формальный подзаголовок Съезды, совещания и т.п.
Тематический подзаголовок Работа с читателем
Системный номер авторитетной/нормативной записи 2083933
Идентификатор авторитетной/нормативной записи RU\NLR\AUTH\661260007
686 ## - ИНДЕКСЫ ДРУГИХ КЛАССИФИКАЦИЙ
Индекс Ч34(2)46я431
686 ## - ИНДЕКСЫ ДРУГИХ КЛАССИФИКАЦИЙ
Индекс Ш9(2)1=Р7-4Лиханов
686 ## - ИНДЕКСЫ ДРУГИХ КЛАССИФИКАЦИЙ
Индекс Ч739.511.325я431
702 #1 - ИМЯ ЛИЦА - ВТОРИЧНАЯ ОТВЕТСТВЕННОСТЬ
Код отношения Прочие
Графика поля Кириллица
Материалы, к которым относится поле rus
Начальный элемент ввода Лиханов
Часть имени, кроме начального элемента ввода А. А.
Даты 1935-2021
Расширение инициалов личного имени Альберт Анатольевич
Системный номер авторитетной/нормативной записи 3860
Идентификатор авторитетной/нормативной записи RU\NLR\AUTH\7720794
710 12 - НАИМЕНОВАНИЕ ОРГАНИЗАЦИИ - ПЕРВИЧНАЯ ОТВЕТСТВЕННОСТЬ
Начальный элемент ввода Литературно-педагогические Лихановские чтения
Порядковый номер временной организации и / или порядковый номер ее части 5
Место проведения временной организации Белгород
Дата проведения временной организации 2005
Системный номер авторитетной/нормативной записи 692797
Идентификатор авторитетной/нормативной записи RU\NLR\AUTH\8810095777
711 12 - НАИМЕНОВАНИЕ ОРГАНИЗАЦИИ - АЛЬТЕРНАТИВНАЯ ОТВЕТСТВЕННОСТЬ
Начальный элемент ввода "Современное детство в контексте решения актуальных проблем духовно-нравственного воспитания", научно-практическая конференция
Место проведения временной организации Белгород
Дата проведения временной организации 2005
Системный номер авторитетной/нормативной записи 692799
Идентификатор авторитетной/нормативной записи RU\NLR\AUTH\8810095778
801 #0 - ИСТОЧНИК ЗАПИСИ
Страна Российская Федерация
Организация NLR
Дата составления 20070316
Правила каталогизации RCR
801 #1 - ИСТОЧНИК ЗАПИСИ
Страна Российская Федерация
Организация NLR
Дата составления 20070316
942 ## - ДОПОЛНИТЕЛЬНЫЕ ЭЛЕМЕНТЫ ЗАПИСИ (АБИС)
Тип экземпляра АБИС Книга
980 ## - КОЛЛЕКЦИЯ
Название коллекции Национальная библиография
Экземпляры
Тип экземпляра Дата поступления Источник поступления Библиотека постоянного хранения Библиотека текущего хранения Место хранения Шифр хранения Штрих-код Статус экземпляра
Книга 16.03.2007 Обязательный экземпляр РНБ (Московский) РНБ (Московский) Русский книжный фонд: издания с 1957 года 2007-4/5908 2389221  
Книга 16.03.2007 Обязательный экземпляр РНБ (Московский) РНБ (Московский) Русский книжный фонд: издания с 1957 года 2007-4/5908 2389222